000 00345nam a22001577a 4500
003 SGT
020 _a9788190704625
082 _a610
_bP20M
100 _aMEHTA P.J.
245 _aPractical Medicine
250 _a2ND
260 _aNEW DELHI
_bTHE NATIONAL BOOK DEPOT
_c2020
300 _a1-634
650 _aMEDICINE
942 _2ddc
_cBK
_094
999 _c20911
_d20911